Welcome to the Holygrace Academy Library

Please use search bar below to get started

INDIAN ECONOMY (Record no. 1698)

MARC details
000 -LEADER
fixed length control field 00387nam a22001457a 4500
020 ## - INTERNATIONAL STANDARD BOOK NUMBER
ISBN 81-224-1872-4
082 ## - DEWEY DECIMAL CLASSIFICATION NUMBER
Classification number 330
Item number AGA/I
100 ## - MAIN ENTRY--AUTHOR NAME
Personal name AGRAWAL, A N
245 ## - TITLE STATEMENT
Title INDIAN ECONOMY
Remainder of title PROBLEMS OF DEVELOPMENT AND PLANNING
250 ## - EDITION STATEMENT
Edition statement THIRTY SECOND EDITION
260 ## - PUBLICATION, DISTRIBUTION, ETC. (IMPRINT)
Place of publication DELHI
Name of publisher NEW AGE INTERNATIONAL LIMITED
Year of publication 2006
300 ## - PHYSICAL DESCRIPTION
Number of Pages 743
650 ## - SUBJECT ADDED ENTRY--TOPICAL TERM
Topical Term ECONOMICS REFERENCE
Geographic subdivision INDIA
942 ## - ADDED ENTRY ELEMENTS (KOHA)
Koha item type Books

No items available.